|
|
|
|
| LEADER |
00000nas a2200000 a 4500 |
| 001 |
ssj0001354 |
| 003 |
WaSeSS |
| 005 |
20200512172242.0 |
| 006 |
m d |
| 007 |
cr n |
| 008 |
751101d19711995oncqr p s 0 a0eng c |
| 010 |
|
|
|a 76617771
|z cn 76300351
|
| 016 |
7 |
|
|a 014207176
|2 DE-101
|
| 016 |
7 |
|
|a 769012-5
|2 DE-600
|
| 016 |
7 |
|
|a 0365367
|2 DNLM
|
| 016 |
7 |
|
|a A22320000
|2 DNLM
|
| 016 |
|
|
|a (AMICUS)000000089277
|
| 022 |
|
|
|l 0002-6638
|y 0002-6638
|
| 035 |
|
|
|a (WaSeSS)ssj0001354
|
| 040 |
|
|
|a MUL
|b eng
|c MUL
|d NLC
|d SER
|d NLC
|d AIP
|d NSD
|d NLC
|d AIP
|d NST
|d NLC
|d DLC
|d NST
|d HUL
|d NST
|d HUL
|d AGL
|d IUL
|d MYG
|d NLM
|d OCLCQ
|d CRU
|d OCLCQ
|d GBVCP
|d CNMBL
|d OCLCF
|d IUL
|d OCLCO
|d OCLCQ
|d OCLCO
|d I8M
|d OCLCO
|d OCLCQ
|d OCLCO
|d OCLCA
|d VT2
|d OCLCO
|d OCLCQ
|d OCLCA
|d IUL
|d WaSeSS
|
| 042 |
|
|
|a nlc
|a isds/c
|a pcc
|
| 050 |
0 |
0 |
|a HC79.E5
|b A45
|
| 050 |
1 |
4 |
|a H1
|b .A48
|
| 055 |
0 |
1 |
|a TD182
|
| 060 |
0 |
0 |
|a W1
|b AL987K
|
| 070 |
0 |
|
|a QH540.A4
|
| 072 |
|
0 |
|a X600
|
| 072 |
|
0 |
|a P000
|
| 082 |
0 |
4 |
|a 301.31/05
|
| 130 |
0 |
|
|a Alternatives (Peterborough, Ont.)
|
| 210 |
0 |
|
|a Alternatives
|b (Peterb.)
|
| 222 |
|
0 |
|a Alternatives
|b (Peterborough)
|
| 245 |
1 |
0 |
|a Alternatives
|h [electronic resource].
|
| 260 |
|
|
|a Peterborough, Ont. :
|b Faculty and students at Trent University,
|c [1971-1995]
|
| 310 |
|
|
|a Quarterly
|
| 362 |
0 |
|
|a Vol. l, no. 1 (summer 1971)-v. 21, no. 4 (Oct./Nov. 1995).
|
| 506 |
|
|
|a License restrictions may limit access.
|
| 520 |
|
|
|a "Perspectives on society and environment."
|
| 550 |
|
|
|a Published by the Faculty of Environmental Studies, University of Waterloo, 1984-1995.
|
| 650 |
|
0 |
|a Environmental policy
|v Periodicals.
|
| 650 |
|
2 |
|a Environment.
|
| 650 |
|
6 |
|a Environnement
|x Politique gouvernementale
|x Périodiques.
|
| 650 |
|
6 |
|a Technologie
|x Aspect social
|x Périodiques.
|
| 650 |
|
7 |
|a Environmental policy.
|2 fast
|0 (OCoLC)fst00913250
|
| 655 |
|
0 |
|a Electronic journals.
|
| 710 |
2 |
|
|a Trent University.
|
| 710 |
2 |
|
|a University of Waterloo.
|b Faculty of Environmental Studies.
|
| 780 |
0 |
5 |
|t Conserver society notes
|g 1979
|x 0709-5791
|w (DLC)cn 79032171
|w (OCoLC)5720455
|
| 785 |
0 |
0 |
|t Alternatives journal (Waterloo, Ont.)
|x 1205-7398
|w (DLC)sn 96031366
|w (OCoLC)34016562
|
| 850 |
|
|
|a CaNSCS
|a CaOTDL
|a CaOTDT
|a CaOTM
|a DLC
|a DNAL
|a InU
|a MH-SD
|a MiEM
|a NBC
|a NN
|a ViBlbV
|
| 856 |
4 |
0 |
|z Full text available from Research Library: 01/01/1993 to 1995
|u https://search.proquest.com/publication/35934
|